000 02367cad a22002415a 4500
001 L144437
008 080721e20080703xxkd f s 000 0 eng d
035 _a(Sirsi) u144437
041 0 _aeng
050 0 4 _a346.4104342 $2 18
110 2 _aAssociation of Residential Letting Agents
_93020
245 0 4 _aThe ARLA history of buy to let investment 2001 to 2008
_h[electronic resource]
260 _aWarwick
_bARLA
_c2008
505 2 _aData from surveys of members: proportion of portfolio which is made up of investment property -- Number of purely investment properties managed -- Average value of BTL properties -- Average rental return -- Average void period per year -- Number of new tenancies (not renewals) signed up in the last three months -- Balance of supply and demand in rented residential property sector -- Average length of continuous stay in property -- Change in achievable rent levels -- How are landlords currently acting over their net investment in residential property
505 2 _aData from Surveys of Landlords: Average age of respondents -- Average length of time respondents have been residential landlords -- Average number of residential properties in portfolios -- In the next twelve months do you expect to sell some or all of your let residential properties -- Average number of years since respondents first became a landlord -- Average life expectancy of respondents property investment -- Why did you first decide to invest in residential property -- If house prices were to fall, would you sell your residential property investments -- Do you expect/anticipate that you will acquire further (buy to let) investment properties during the next twelve months? -- Irrespective of the length of any initial fixed term, on average how long are the same tenants staying continuously in the same property
520 _aDetailed statistical report produced by the Association of Residential Letting Agents (ARLA) and buy to let mortgage lenders compiled from quarterly reports detailing a range of financial trends, along with opinion from those surveyed with regard to buy to let investment.
521 _aAdvanced
590 _aKA
651 4 _aUnited Kingdom
_y
690 _aResidential property
_96266
856 4 0 _uhttps://www.arla.co.uk/btl/arlahistory2007.htm
_zView the item free of charge at www.arla.co.uk...
942 _n0
999 _c108512
_d108512